000 00475cam a2200181ua 4500
001 6895
005 20260515114126.0
008 140307n ii |||gr||||Z||||||eng
040 _cMAIN
082 _a33624
245 _aHow to solve your income-tax problem
_cBy B.D. Nagpal
260 _aAllahabad:
_bKitab mahal,
_c1958.
300 _ax,344p.
653 _aPublic finance
653 _aHow to solve your income-tax problem
700 _aNagpal,B.D.,
_eAuthor.
942 _cBK
999 _c6036
_d6036